|
|
|
|
| LEADER |
01799nam a2200433 a 4500 |
| 001 |
EBC3012503 |
| 003 |
MiAaPQ |
| 005 |
20200520144314.0 |
| 006 |
m o d | |
| 007 |
cr cn||||||||| |
| 008 |
090806s2006 dcua sb 000 0 eng d |
| 035 |
|
|
|a (MiAaPQ)EBC3012503
|
| 035 |
|
|
|a (Au-PeEL)EBL3012503
|
| 035 |
|
|
|a (CaPaEBR)ebr10302890
|
| 035 |
|
|
|a (OCoLC)805508287
|
| 040 |
|
|
|a MiAaPQ
|c MiAaPQ
|d MiAaPQ
|
| 043 |
|
|
|a s-bl---
|a n-mx---
|a a-tu---
|
| 050 |
|
4 |
|a HJ8579
|b .T36 2006
|
| 100 |
1 |
|
|a Tanner, Evan.
|
| 245 |
1 |
0 |
|a Probabilistic sustainability of public debt
|h [electronic resource] :
|b a vector autoregression approach for Brazil, Mexico, and Turkey /
|c prepared by Evan Tanner and Issouf Samake.
|
| 260 |
|
|
|a [Washington, D.C.] :
|b IMF Institute and African Dept.,
|c 2006.
|
| 300 |
|
|
|a 42 p. :
|b ill.
|
| 490 |
1 |
|
|a IMF working paper ;
|v WP/06/295
|
| 500 |
|
|
|a "December 2006."
|
| 504 |
|
|
|a Includes bibliographical references (p. 39-42).
|
| 533 |
|
|
|a Electronic reproduction. Ann Arbor, MI : ProQuest, 2015. Available via World Wide Web. Access may be limited to ProQuest affiliated libraries.
|
| 650 |
|
0 |
|a Debts, Public
|z Brazil
|x Econometric models.
|
| 650 |
|
0 |
|a Debts, Public
|z Mexico
|x Econometric models.
|
| 650 |
|
0 |
|a Debts, Public
|z Turkey
|x Econometric models.
|
| 650 |
|
0 |
|a Fiscal policy
|z Brazil
|x Econometric models.
|
| 650 |
|
0 |
|a Fiscal policy
|z Mexico
|x Econometric models.
|
| 650 |
|
0 |
|a Fiscal policy
|z Turkey
|x Econometric models.
|
| 655 |
|
4 |
|a Electronic books.
|
| 700 |
1 |
|
|a Samake, Issouf.
|
| 710 |
2 |
|
|a IMF Institute.
|
| 710 |
2 |
|
|a International Monetary Fund.
|b African Dept.
|
| 710 |
2 |
|
|a ProQuest (Firm)
|
| 830 |
|
0 |
|a IMF working paper ;
|v WP/06/295.
|
| 856 |
4 |
0 |
|u https://ebookcentral.proquest.com/lib/matrademy/detail.action?docID=3012503
|z Click to View
|